اردو شاعری میں ہند وستا نی تہز یب کثرت میں وحدت کا اظہار / (Record no. 195985)

MARC details
000 -LEADER
fixed length control field 00708nam a22001937a 4500
005 - DATE AND TIME OF LATEST TRANSACTION
control field 20230516103841.0
010 ## - LCCN (DPL NO)
LC control number UR-11998
020 ## - INTERNATIONAL STANDARD BOOK NUMBER
International Standard Book Number 9789350734087
Terms of availability 80.00
035 ## - SYSTEM CONTROL NUMBER
System control number U-10553
037 ## - SOURCE OF ACQUISITION
Source of stock number/acquisition DBAD/PUB
082 ## - DEWEY DECIMAL CLASSIFICATION NUMBER
Classification number 841
100 ## - MAIN ENTRY--PERSONAL NAME
Personal name امام اغظم
245 ## - TITLE STATEMENT
Title اردو شاعری میں ہند وستا نی تہز یب کثرت میں وحدت کا اظہار /
Statement of responsibility, etc امام اغظم
246 ## - VARYING FORM OF TITLE
Title proper/short title Urdu Shairi mein hindustani Tahzeeb kasrat mein wahdat ka izhar /
Remainder of title by Imam Azam
260 ## - PUBLICATION, DISTRIBUTION, ETC. (IMPRINT)
Place of publication, distribution, etc Delhi
Name of publisher, distributor, etc Educational Publishing House
Date of publication, distribution, etc 2014 ء
270 ## - ADDRESS
Address 3108, Vakil Street, Kucha Pandit, Lal Kuan
City Delhi
Postal code 6
300 ## - PHYSICAL DESCRIPTION
Extent 64 ص
Dimensions 23cm(Hb)
942 ## - ADDED ENTRY ELEMENTS (KOHA)
Source of classification or shelving scheme Dewey Decimal Classification
Item type Urdu Bks
Classification part 841
Call number suffix ا م ا
Holdings
Withdrawn status Lost status Not for loan Collection code Home library Current library Date acquired Source of acquisition Cost, normal purchase price Full call number Barcode Copy number Cost, replacement price Koha item type
      Non-fiction Shahdara Branch Shahdara Branch 16/05/2023 DBAD/PUB 80.00 841 ا م ا U-10553 1 80.00 Urdu Bks

© Delhi Public Library
Hit Counter
free hit counter